000 00301nam a2200145Ia 4500
100 _aRajaraman
650 _aC Programming
942 _cBK
366 _f25
245 _aComputer basics and c programming
260 _bPrentice Hall of India
082 _bRAJ
546 _aENGLISH
999 _c25412
_d25412